000 00223nam a2200097Ia 4500
008 190216s9999||||xx |||||||||||||| ||und||
100 _aAlfred Hitchcock
245 0 _aHapiness Is A Warm Corpse
260 _bNull
942 _cBK
999 _c12274
_d12274